| 000 | 00446cam a2200145 4500 | ||
|---|---|---|---|
| 008 | 000000n1998 000 0 eng u | ||
| 020 | _a0952076160 | ||
| 035 | _a(Sirsi) u111062 | ||
| 100 | _aMartin, Michael | ||
| 245 | _aGuide to grants for business : grants and other assistance for business. | ||
| 260 |
_aSwindon _bAssociated Management Services _c1998 |
||
| 350 | _a35.00 | ||
| 520 | _aOUT OF PRINT - PLEASE DO NOT RESERVE | ||
| 942 | _n0 | ||
| 999 |
_c101190 _d101190 |
||